Predictors of innovation adoption by small healthcare firms in India: The case of web accessibility standards (Record no. 532825)

000 -LEADER
fixed length control field 01373nam a22001337a 4500
008 - FIXED-LENGTH DATA ELEMENTS--GENERAL INFORMATION
fixed length control field 260320b ||||| |||| 00| 0 eng d
100 ## - MAIN ENTRY--PERSONAL NAME
Personal name Jayakar, Krishna and Mishra, Smeeta
245 ## - TITLE STATEMENT
Title Predictors of innovation adoption by small healthcare firms in India: The case of web accessibility standards
260 ## - PUBLICATION, DISTRIBUTION, ETC. (IMPRINT)
Place of publication, distribution, etc Vikalpa: The Journal for Decision Makers
300 ## - PHYSICAL DESCRIPTION
Extent 50(4), Oct-Dec, 2025: p.310-321
520 ## - SUMMARY, ETC.
Summary, etc Technology innovation and adoption are key economic imperatives for growth in India’s economy, and especially in the healthcare sector. As an example of firm innovation adoption, this study explores the adoption of web accessibility standards by small health care organizations in India. Adoption is found to be uniformly poor, irrespective of the size, financial resources, or type of healthcare institution. Though small health care organizations located in the largest metros had better compliance, they too fell short of the standard. The findings highlight challenges of healthcare innovation adoption by small firms in a developing country context.- Reproduced


https://journals.sagepub.com/doi/full/10.1177/02560909251374390?_gl=1*1nipdfg*_up*MQ..*_ga*MTk2NTMzOTAwMi4xNzczOTg2NDE0*_ga_60R758KFDG*czE3NzM5ODY0MTQkbzEkZzEkdDE3NzM5ODY4NTAkajYwJGwwJGgyMDc5MjE3NzA4
773 ## - HOST ITEM ENTRY
Main entry heading Vikalpa: The Journal for Decision Makers
942 ## - ADDED ENTRY ELEMENTS (KOHA)
Item type Articles
Holdings
Withdrawn status Lost status Source of classification or shelving scheme Damaged status Not for loan Permanent location Current location Date acquired Serial Enumeration / chronology Barcode Date last seen Koha item type
          Indian Institute of Public Administration Indian Institute of Public Administration 2026-03-20 50(4), Oct-Dec, 2025: p.310-321 AR138343 2026-03-20 Articles

Powered by Koha